Responses for Show #7008 - Wednesday, February 18, 2015

Contestants

[<< previous game]

Ravi Subramanian, a curriculum designer originally from Lexington, Kentucky

Christina McTighe, a library associate from Washington, D.C.

Stephanie Engel, a children's book managing editor from Douglassville, Pennsylvania (whose 1-day cash winnings total $21,199)

[next game >>]

Jeopardy! Round responses

SEUSSIAN KEYWORDS
VERMONT
TV EATERIES & DRINKERIES
(Alex: You have to identify the TV show for us.)
BRAND NAMES AROUND THE WORLD
"S" TO "T"
(Alex: Each correct response will begin with the letter S and end with a "T".)
I DIDN'T COME HERE TO MAKE FRIENDS
    $200 9
Horton

Christina
    $200 21
green & mountain

Christina
    $200 4
I Love Lucy

Christina
    $200 26
[NOTE: The product's name is "Kraft Macaroni & Cheese"]

mac & cheese

Christina
    $200 14
Seabiscuit

Stephanie
    $200 1
Thor

Ravi
    $400 10
Mulberry Street

Ravi
    $400 22
Montpelier

Christina
    $400 5
Cheers

Stephanie
    $400 27
Doritos

Christina
    $400 15
a spigot

Stephanie
    $400 2
jousting

Ravi
    $600 11
the Sneetches

Christina
    $600 23
(Alex: Got in ahead of Stephanie on that one.)
[NOTE: Stephanie's interview from the previous day involved tapping [*].]

maple trees

Ravi
    $600 6
It's Always Sunny in Philadelphia

Stephanie
    $600 28
Mr. Clean

Christina
    $600 16
a sect

Ravi
    $600 3
hostile

Stephanie
    $800 12
Bartholomew (Cubbins)

Christina
    $800 24
(Stephanie: What is Connecticut?)

New Hampshire

StephanieChristina
    $800 7
Murphy Brown

Ravi
    $800 29
Axe

Ravi
    $800 17
smelt

Triple Stumper
    $1,200 19
(Alex: [*]--yes. Their archrival -- The Ohio State University.)

Columbus

Ravi
    $1000 13
the Lorax

Christina
    $1000 25
Howard Dean

Ravi
    $1000 8
Gilmore Girls

Christina
    $1000 30
(Alex: And that would be [*] fried chicken.)

Church's

Triple Stumper
    $1000 18
"Stardust"

Triple Stumper
    $1000 20
Trotsky

Ravi

Scores at the first commercial break (after clue 15):

Stephanie Christina Ravi
$2,200 $3,800 $1,800

Scores at the end of the Jeopardy! Round:

Stephanie Christina Ravi
$1,400 $6,400 $7,000

Double Jeopardy! Round responses

COMMISSIONED ARTWORKS
MY MOVIES
WHAT DO YOU COLLECT?
OCEANOGRAPHY
NAME CALLING
DAVID MUIR REPORTING
(David Muir: I'm David Muir from ABC's World News Tonight, but much of my work is away from the anchor desk, reporting from the field.)
    $400 6
Michelangelo

Christina
    $400 1
Vinny

Ravi
    $400 8
stamps

Ravi
    $400 12
(Ravi: What is the continental shelf?)

the temperature

ChristinaRavi
    $400 18
(Alex: That's right. But I would not call you that.)
(Christina: Oh, thank you.)

a jackass

Christina
    $400 27
the Superdome

Ravi
    $800 7
AT&T

Christina
    $800 2
Idaho

Ravi
    $800 9
records

Ravi
    $800 13
kelp

Christina
    $800 19
a dipstick

Ravi
    $800 17
Tehran

Christina
    $1200 21
(Stephanie: What is "Rape of the Sabines"?)

"Metamorphoses"

Stephanie
Triple Stumper
    $1200 3
(Ravi: What is a [*]?)

Dog

Ravi
    $1200 10
matchbooks

Triple Stumper
    $1200 14
Massachusetts

Ravi
    $1200 24
"Meathead"

Ravi
    $1200 20
made in America

Stephanie
    $3,000 22
(Andy) Warhol

Stephanie
    $1600 4
Career

Stephanie
    $1600 11
flags or banners

Triple Stumper
    $1600 15
Robert Ballard

Triple Stumper
    $1600 25
(Christina: What is a schmuck?)

a schlemiel

ChristinaRavi
    $1600 29
(Christina: What is Hamas?)

Hezbollah

ChristinaRavi
    $2000 23
(Ravi: Who's Bernini?)

Rodin

ChristinaRavi
    $2000 5
(Alex: My Name Is [*]. No last names.)

Bill W

Triple Stumper
    $2,000 28
a corkscrew

Ravi
    $2000 16
the Challenger Deep

Triple Stumper
    $2000 26
Goofus

Christina
    $2000 30
(Ravi: What is the [*] nuclear reactor?)

Fukushima

Ravi

Scores at the end of the Double Jeopardy! Round:

Stephanie Christina Ravi
$6,000 $10,800 $19,000

[wagering suggestions for these scores]

Final Jeopardy! Round responses

NO. 1 SONGS
StephanieWhat is White Wedding?
$5,900
ChristinaWhat is Dancing Queen?
$10,800
RaviWhat is Candle In The Wind?
$2,601
"Dancing Queen"

Final scores:

Stephanie Christina Ravi
$100 $21,600 $16,399
3rd place: $1,000 New champion: $21,600 2nd place: $2,000

Game dynamics:

Coryat scores:

Stephanie Christina Ravi
$4,600 $10,800 $18,600
8 R
(including 1 DD),
2 W
20 R,
2 W
23 R
(including 2 DDs),
2 W

Combined Coryat: $34,000

[game clues] [game scores] [suggest correction]

Game tape date: Unknown
The J! Archive is created by fans, for fans. Scraping, republication, monetization, and malicious use prohibited; this site may use cookies and collect identifying information. See terms. The Jeopardy! game show and all elements thereof, including but not limited to copyright and trademark thereto, are the property of Jeopardy Productions, Inc. and are protected under law. This website is not affiliated with, sponsored by, or operated by Jeopardy Productions, Inc. Join the discussion at JBoard.tv.